000 00795cam a22002534a 4500
020 _a082135485X
040 _cDLC
082 0 0 _a382 WAS 2004 C144 Or.
245 0 0 _aAgriculture and the WTO :
_bcreating a trading system for development /
260 _aWashington, DC :
_bWorld Bank,
_c2004.
300 _axvii, 387 p. :
_bill. ;
_c27 cm.
500 _a"A copublication with the World Bank and Oxford University Press."
650 0 _aTariff on farm produce.
650 0 _aProduce trade
650 0 _aExport subsidies.
650 0 _aFree trade.
650 0 _aProduce trade
650 0 _aAgriculture
650 0 _aGlobalization
700 1 _aIngco, Merlinda D.
700 1 _aNash, John,
856 4 2 _uhttp://www.loc.gov/catdir/enhancements/fy0614/2003053513-d.html
942 _cAEDBB
999 _c18410
_d18410